000 00621nam a2200277Ia 4500
005 20260324135155.0
008 008 260324s9999 xx 000 0 eng d
020 _a9780203943410
037 _aEBOOK
040 _aCRL
040 _beng
040 _cCRL
041 _2eng
041 _aeng
084 _qCRL
100 _aJames Elkins
_91141630
245 0 _aHow to Use Your Eyes
260 _bTaylor and Francis
260 _c2000
365 _a
365 _b190
856 _uhttp://www.taylorfrancis.com/books/9780203943410
942 _cEBOOK
999 _c1800417
_d1800417